| 000 | 00666nam a2200217Ia 4500 | ||
|---|---|---|---|
| 005 | 20250507130107.0 | ||
| 008 | 008 250505s9999 xx 000 0 eng d | ||
| 020 | _a9780295956923 | ||
| 037 | _aBound Volumes | ||
| 040 |
_aEASL _beng _cEASL |
||
| 041 |
_aeng _2eng |
||
| 084 |
_aQ8412:364, L7 _qEASL |
||
| 100 |
_aWilhelm Hellmut Au. _9664947 |
||
| 245 | 0 | _aHeaven Earth and Man in the Book of Changes:Seven Eranos Lectures | |
| 260 |
_aUSA _bwashington Wishington University Press U.S.A _c1977 |
||
| 300 | _axi,230P. | ||
| 490 | _vOth | ||
| 650 |
_aChing; Gen _9754964 |
||
| 942 |
_cCR _hQ8412:364, L7 |
||
| 999 |
_c1317646 _d1317646 |
||